003470000a220008500045007730014000001000034000142450142000483000052001907000019002420 tCambio 161 aArrazola, María del Rosario10aDe "paras" a capataces : La muerte de "Ariel Otero" y Gozalo Rodríguez Gacha no acabó con los paramilirares, pero sí los desplazó aVol. 32, Num. 32 (Enero, 1994), Páginas 26-291 aArias, Eduardo